Zemplén vármegye történeti földrajza. 67

Monografia o obciach Božčice a Cejkov. Bošnicu-Božčice autor predstavuje cez Súpisy Bocskayových statkov z r. 1670. Monografiu Cejkova napísal miestny učiteľ. Svoje vývody nestavia na dokumentoch, skôr na ústnom podaní, vykopávkach i na vlastnej znalosti chotára. Najčennejší nález je večné svetlo v...

Full description

Bibliographic Details
Main Author: Dongó Gy., Gejza (Author)
Other Authors: Kovách, Andrej
Format: Article
Language:Hungarian
Subjects:
Source: 1. Adalékok Zemplén vm. Történetéhez 1. Roč. 11, č. 6-8 (1905) s. 145-150
LEADER 01458nab#a2200349#ar4500
001 000075613
003 SVKKK
005 20060216xxxxxxx.
008 06 c xo huno
FMT
038 |a SVKKK 
040 |a SVKKK  |b slo  |e AACR2 
041 0 |a hun 
044 |a xo  |c SK 
080 |a 943.76 
100 1 |a Dongó Gy., Gejza  |4 aut 
242 1 0 |a Historický zemepis Zemplínskej župy 
245 1 0 |a Zemplén vármegye történeti földrajza. 67  |c Gejza Dongó Gy. / Andrej Kovách 
500 |a Endre 
500 |a Géza 
520 2 |a Monografia o obciach Božčice a Cejkov. Bošnicu-Božčice autor predstavuje cez Súpisy Bocskayových statkov z r. 1670. Monografiu Cejkova napísal miestny učiteľ. Svoje vývody nestavia na dokumentoch, skôr na ústnom podaní, vykopávkach i na vlastnej znalosti chotára. Najčennejší nález je večné svetlo v kostole z r.1075. Na maď. chotárnych názvoch pri rieke Ošva - ktoré proti vôli poddaných i novších zápisoch v pozemkových knihách presadzovali zemepáni - odvodzuje maďarskosť slovenskej dediny. 
650 0 4 |a miestopis - archiválie - Cejkov (TV) - Božčice (TV) - čriepky historické 
700 1 |a Kovách, Andrej 
773 0 |t Adalékok Zemplén vm. Történetéhez  |g Roč. 11, č. 6-8 (1905) s. 145-150 
957 |a Božčice 
957 |a Cejkov 
958 |a DG 
958 |a SK 
974 |a Ba  |d 20060216 
992 |a RBX 
BAS
998 |a RETRO